000
00284nam a2200109Ia 4500
008
220216s9999 xx 000 0 und d
100
_a
Murphy E A
245
0
_a
Latex round thread. Its manufacture and properties
260
_b
IRI Transactions
_c
1932
300
_a
328-344
942
_c
JS
999
_c
62073
_d
62073